Plant disease : an advanced treatise /
Guardado en:
| Otros Autores: | , |
|---|---|
| Formato: | Libro |
| Idioma: | English |
| Publicado: |
New York :
Academic Press,
1977-1980.
|
| Materias: | |
| Etiquetas: |
Agregar Etiqueta
Sin Etiquetas, Sea el primero en etiquetar este registro!
|
| LEADER | 01329cam a2200289 a 4500 | ||
|---|---|---|---|
| 001 | EEA.libagro010014 | ||
| 008 | 770124m19771980nyua#####b####001#0#eng## | ||
| 005 | 20191203124313.0 | ||
| 245 | 0 | 0 | |a Plant disease : |b an advanced treatise / |c edited by James G. Horsfall, Ellis B. Cowling. |
| 260 | |a New York : |b Academic Press, |c 1977-1980. | ||
| 300 | |a 5 v. : |b il. ; |c 24 cm. | ||
| 504 | |a Incluye referencias bibliográficas e índices. | ||
| 505 | 0 | |a v. 1. How disease is managed. -- v. 2. How disease develops in populations. -- v. 3. How plants suffer from disease. -- v. 4. How pathogens induce disease. -- v. 5. How plants defend themselves. | |
| 020 | |a 0123564018 (v. 1) | ||
| 020 | |a 0123564026 (v. 2) | ||
| 020 | |a 0123564034 (v. 3) | ||
| 020 | |a 0123564042 (v. 4) | ||
| 020 | |a 0123564050 (v. 5) | ||
| 700 | 1 | |a Horsfall, James Gordon, |d 1905- | |
| 700 | 1 | |a Cowling, Ellis Brevier, |d 1932- | |
| 082 | 0 | 0 | |a 632 |
| 650 | 7 | |a Enfermedades de las plantas |2 agrovoc | |
| 859 | |a AR-BbBCA |b BIB. AGRONOMIA |h 632 |i H817 |p 1981/0095 |v v. 1 |3 Vol. 1 | ||
| 859 | |a AR-BbBCA |b BIB. AGRONOMIA |h 632 |i H817 |p 1981/0096 |v v.2 |3 Vol. 2 | ||
| 859 | |a AR-BbBCA |b BIB. AGRONOMIA |h 632 |i H817 |p 1981/0097 |v v.3 |3 Vol. 3 | ||
| 859 | |a AR-BbBCA |b BIB. AGRONOMIA |h 632 |i H817 |p 1988/1131 |v v.4 |3 Vol. 4 | ||
| 859 | |a AR-BbBCA |b BIB. AGRONOMIA |h 632 |i H817 |p 1988/1132 |v v.5 |3 Vol. 5 | ||
